00727nam a2200217 a 45000010005000000030009000050080041000140400028000550820018000831000023001012450047001242600031001713000015002026500024002176500021002416500032002626500033002949420012003279990017003399520153003561833CO-ViMGA141112s2004 ck r 000 u spa d aCO-ViMGAbspacCO-ViMGA04a658.3142 N3571 aNelson, Bob95036910a1001 Formas de recompensar a los empleados aBogotá : bNorma, c1997 a141 p : il14aADMINISTRACION955814aEMPLEADOS95037014aINCENTIVOS LABORALES95037114aRECOMPENSAS LABORALES950372 2ddccBK c13988d13988 01102ddc44708002aMEVIECARbMEVIECARd2015-12-04hVolumen. 1 | 11/jun/2009l0o658.3142 N357 p03041r2019-05-20 00:00:00tEj. 1w2015-12-04yBK